Normal view
MARC view
- Management
Entry Topical Term
001 - CONTROL NUMBER
- control field: 3843
003 - CONTROL NUMBER IDENTIFIER
- control field: OSt
005 - DATE AND TIME OF LATEST TRANSACTION
- control field: 20201117114607.0
008 - FIXED-LENGTH DATA ELEMENTS
- fixed length control field: 201117|| aca||aabn | a|a d
040 ## - CATALOGING SOURCE
- Original cataloging agency: OSt
- Transcribing agency: OSt
150 ## - HEADING--TOPICAL TERM
- Topical term or geographic name entry element: Management
670 ## - SOURCE DATA FOUND
- Source citation: Work cat.: (OSt): Mello, Sheila 3842, Value Innovation Portfolio Management/Achieving Double-Digit Growth Through Customer Value , c2006
